00435 2200181 4500001002100000005001500021035002000036245005700056100001700113250000600130300002100136856001200157260003900169082000800208084001400216600001000230990001300240INLIS00000000000159220250422085532 a0010-04250000081 aMatahari Melintas Di Kepekatan Rimba /cHendry Akbar0 aHendry Akbar a1 a162 hlm ;c21 cm aRak 800 aYogyakarta :bSasmita Utama,c1999 a813 a813 HEN m 4aFiksi a03.20391